[Event "Sri Lanka National B Chess Championship 2015"]
[Site "SLIIT, Malabe"]
[Date "2015.06.21"]
[Round "5"]
[Board "3"]
[White "Thilakarathne, G M H"]
[Black "Galappaththi, Chinthaka Anurud"]
[Result "0-1"]
[WhiteElo "1950"]
[BlackElo "2129"]
[PlyCount "150"]
[EventDate "2015.06.19"]
[EventRounds "10"]
[EventCountry "SRI"]

1. c4 g6 2. g3 Bg7 3. Bg2 Nf6 4. d4 O-O 5. Nf3 d6 6. O-O Nc6 7. Nc3 Bg4 8. Be3
e5 9. dxe5 dxe5 10. h3 Be6 11. Qa4 h6 12. Rfd1 Qc8 13. Kh2 Nd7 14. Nd5 Kh7 15.
c5 Bxd5 16. Rxd5 e4 17. Ne1 f5 18. Rd2 Nf6 19. Rad1 Qe6 20. Nc2 Ne5 21. b3 c6
22. Rd6 Qf7 23. f4 Ned7 24. Qc4 Nd5 25. Bd4 Bxd4 26. Qxd4 N7f6 27. Ne3 Ne8 28.
Rxd5 cxd5 29. Nxd5 Rd8 30. Qe5 Qg7 31. Qxg7+ Kxg7 32. Ne3 Rxd1 33. Nxd1 Nc7 34.
b4 Rd8 35. Nc3 Rd2 36. a4 Rc2 37. Nb5 Nxb5 38. axb5 Rc4 39. e3 Rxb4 40. Bf1
Rb2+ 41. Kg1 Rc2 42. c6 bxc6 43. bxc6 Rxc6 44. Kf2 a5 45. Bb5 Rc5 46. Bd7 Kf7
47. g4 Ke7 48. Ba4 Rc4 49. Bb5 Rb4 50. Bc6 a4 51. Kg3 a3 52. Bd5 Rb2 53. g5 h5
54. h4 a2 55. Bxa2 Rxa2 56. Kh3 Re2 57. Kg3 Rxe3+ 58. Kg2 Ke6 59. Kf2 Rf3+ 60.
Kg2 Rxf4 61. Kg3 Kd5 62. Kg2 Rxh4 63. Kf2 f4 64. Kg2 Rg4+ 65. Kf2 Rxg5 66. Kf1
h4 67. Ke2 Rg2+ 68. Kf1 h3 69. Ke1 g5 70. Kf1 g4 71. Ke1 g3 72. Kf1 f3 73. Ke1
h2 74. Kf1 e3 75. Ke1 Rf2 0-1

[Event "Sri Lanka National B Chess Championship 2015"]
[Site "SLIIT, Malabe"]
[Date "2015.06.21"]
[Round "5"]
[Board "4"]
[White "Doluweera, Minul Sanjula"]
[Black "Herath, H M A K"]
[Result "1-0"]
[WhiteElo "2046"]
[BlackElo "1910"]
[PlyCount "89"]
[EventDate "2015.06.19"]
[EventRounds "10"]
[EventCountry "SRI"]

1. c4 e6 2. Nc3 d5 3. cxd5 exd5 4. d4 c5 5. Nf3 Nc6 6. g3 Nf6 7. Bg2 Be7 8. O-O
O-O 9. Bg5 Be6 10. Rc1 cxd4 11. Nxd4 Nxd4 12. Qxd4 Qa5 13. h3 h6 14. Be3 b6 15.
Rfd1 Rfd8 16. Qd3 Qb4 17. Qb5 Bc5 18. Bd4 Qxb5 19. Nxb5 Bxd4 20. Rxd4 Rd7 21.
Rcd1 Rad8 22. Nc3 Kf8 23. g4 g6 24. f4 Ne4 25. Nxe4 dxe4 26. Rxd7 Rxd7 27. Rxd7
Bxd7 28. Bxe4 h5 29. gxh5 gxh5 30. h4 Bg4 31. Kf2 Ke7 32. Bf3 f5 33. Kg3 Ke6
34. e4 Kf6 35. exf5 Kxf5 36. Bxg4+ hxg4 37. h5 a6 38. a3 b5 39. b4 Kf6 40. Kxg4
Kg7 41. Kf5 Kh6 42. Ke6 Kxh5 43. f5 Kh6 44. f6 Kg6 45. f7 1-0

[Event "Sri Lanka National B Chess Championship 2015"]
[Site "SLIIT, Malabe"]
[Date "2015.06.21"]
[Round "5"]
[Board "5"]
[White "Jayasundara, P K U M"]
[Black "De Silva, Osheen"]
[Result "0-1"]
[WhiteElo "2031"]
[BlackElo "1888"]
[PlyCount "86"]
[EventDate "2015.06.19"]
[EventRounds "10"]
[EventCountry "SRI"]

1. e4 c5 2. Nc3 d6 3. f4 g6 4. Nf3 Bg7 5. Bb5+ Bd7 6. O-O Bxb5 7. Nxb5 Qd7 8.
Nc3 Nc6 9. d3 Nd4 10. Ne2 Nxf3+ 11. Rxf3 e6 12. c3 f5 13. exf5 exf5 14. d4
O-O-O 15. Be3 Qb5 16. Rb1 Nf6 17. a4 Qc6 18. b4 c4 19. d5 Nxd5 20. Bxa7 b6 21.
a5 Kb7 22. axb6 Rhe8 23. Nd4 Bxd4+ 24. Qxd4 Re4 25. Qg7+ Qd7 26. Qxd7+ Rxd7 27.
Rd1 Nxf4 28. Rdf1 Nd3 29. h3 d5 30. g4 f4 31. g5 d4 32. cxd4 Rdxd4 33. Rd1 Re3
34. Rf2 Rg3+ 35. Kh2 Rxh3+ 36. Kg2 f3+ 37. Rxf3 Rxf3 38. Kxf3 Ne5+ 39. Ke2 Rxd1
40. Kxd1 Nf3 41. Kc2 Nxg5 42. Kc3 h5 43. Kxc4 h4 0-1

[Event "Sri Lanka National B Chess Championship 2015"]
[Site "SLIIT, Malabe"]
[Date "2015.06.21"]
[Round "5"]
[Board "6"]
[White "Weerasinghe, Chamath"]
[Black "Wijekoon, Chandana"]
[Result "1-0"]
[WhiteElo "1825"]
[BlackElo "2007"]
[PlyCount "49"]
[EventDate "2015.06.19"]
[EventRounds "10"]
[EventCountry "SRI"]

1. e4 e5 2. Nf3 Nc6 3. Bb5 a6 4. Ba4 d6 5. c3 Bd7 6. d3 g6 7. Nbd2 Bg7 8. Nf1
Nge7 9. Ng3 O-O 10. Be3 h6 11. Qc1 Kh7 12. h4 d5 13. h5 g5 14. Bc2 d4 15. Bd2
f5 16. exf5 Nxf5 17. Ne4 Qe7 18. Bb3 Rae8 19. g4 Nd6 20. Nfxg5+ hxg5 21. Bxg5
Rf6 22. Bxf6 Bxf6 23. g5 Nxe4 24. g6+ Kh8 25. Qh6+ 1-0

[Event "Sri Lanka National B Chess Championship 2015"]
[Site "SLIIT, Malabe"]
[Date "2015.06.21"]
[Round "5"]
[Board "7"]
[White "De Silva, Elath Mathanga"]
[Black "Piyumantha, M Sasith Nipun"]
[Result "0-1"]
[WhiteElo "1962"]
[BlackElo "1796"]
[PlyCount "82"]
[EventDate "2015.06.19"]
[EventRounds "10"]
[EventCountry "SRI"]

1. d4 Nf6 2. Bf4 e6 3. e3 c5 4. c3 b6 5. Nd2 Bb7 6. Ngf3 Be7 7. h3 cxd4 8. exd4
O-O 9. Bd3 d6 10. O-O Nbd7 11. Qb1 a6 12. a4 Qc7 13. Re1 Rfe8 14. Ng5 Nf8 15.
Nge4 Nd5 16. Bh2 Ng6 17. a5 Ndf4 18. axb6 Qxb6 19. Nc4 Qc7 20. Na5 f5 21. Bxf4
Nxf4 22. Bc2 Bxe4 23. Bxe4 fxe4 24. Qxe4 d5 25. Qe3 Bd6 26. g3 Ng6 27. h4 Rab8
28. h5 Nf8 29. b4 e5 30. Qg5 h6 31. Qf5 Qf7 32. Qxf7+ Kxf7 33. Nc6 Rb6 34.
Nxe5+ Bxe5 35. dxe5 Rc8 36. Re3 Rbc6 37. Rc1 Ne6 38. f4 Nc7 39. Rd3 Nb5 40. f5
Nxc3 41. Kg2 d4 {poor recording} 0-1

[Event "Sri Lanka National B Chess Championship 2015"]
[Site "SLIIT, Malabe"]
[Date "2015.06.21"]
[Round "5"]
[Board "8"]
[White "Bhagya, Viman"]
[Black "Liyanapathirana, Pasan Vindula"]
[Result "1-0"]
[WhiteElo "2023"]
[BlackElo "1847"]
[PlyCount "137"]
[EventDate "2015.06.19"]
[EventRounds "10"]
[EventCountry "SRI"]

1. d4 Nf6 2. c4 e6 3. Nc3 Bb4 4. Qc2 O-O 5. a3 Bxc3+ 6. Qxc3 h6 7. Nf3 b6 8. e3
Bb7 9. Bd3 d5 10. O-O dxc4 11. Bxc4 Nbd7 12. b4 Qe7 13. Bb2 Ne4 14. Qd3 c5 15.
Ba6 Bd5 16. Nd2 Nxd2 17. Qxd2 Rfd8 18. f3 cxd4 19. Qxd4 Nf6 20. Qh4 Bb3 21.
Rfc1 e5 22. Qg3 e4 23. fxe4 Ne8 24. e5 Rab8 25. e6 Bxe6 26. Be5 Ra8 27. Rc3 Qg5
28. Qxg5 hxg5 29. Bb7 f6 30. Bxa8 Rxa8 31. Bd4 b5 32. Rc6 Bd7 33. Ra6 Rc8 34.
Bc5 f5 35. Rxa7 Bc6 36. Bd4 Be4 37. a4 Rc2 38. axb5 Rxg2+ 39. Kf1 Rxh2 40. b6
Nd6 41. Rxg7+ Kf8 42. b7 Rh1+ 43. Ke2 Rh2+ 44. Ke1 Rh1+ 45. Kd2 Rh2+ 46. Kc3
Bxb7 47. Rxb7 Nxb7 48. Ra8+ Ke7 49. Ra7 Kd6 50. Rxb7 f4 51. exf4 gxf4 52. Rf7
Rh3+ 53. Kc4 Rh4 54. b5 Rh1 55. Rxf4 Rc1+ 56. Bc3 Kc7 57. Rf6 Kb7 58. Kb4 Rb1+
59. Kc5 Rc1 60. Rf3 Rc2 61. b6 Rc1 62. Rf7+ Kb8 63. Kc4 Rb1 64. Bb4 Rh1 65. Kb5
Rh8 66. Kc6 Rd8 67. b7 Ka7 68. Bc5+ Ka6 69. Rf6 1-0

[Event "Sri Lanka National B Chess Championship 2015"]
[Site "SLIIT, Malabe"]
[Date "2015.06.21"]
[Round "5"]
[Board "9"]
[White "Naotunna, Dineth Nimnaka"]
[Black "Dassanayake, D M G S"]
[Result "0-1"]
[WhiteElo "2006"]
[BlackElo "1845"]
[PlyCount "56"]
[EventDate "2015.06.19"]
[EventRounds "10"]
[EventCountry "SRI"]

1. c4 e5 2. Nc3 Nf6 3. g3 Bb4 4. Nd5 Nxd5 5. cxd5 c6 6. Bg2 O-O 7. a3 Be7 8. d4
exd4 9. Qxd4 Bf6 10. Qd1 Re8 11. e3 c5 12. Ne2 d6 13. O-O Nd7 14. f4 Nb6 15.
Qc2 Bg4 16. Nc3 g6 17. h3 Bf5 18. e4 Bd4+ 19. Kh2 Bd7 20. g4 Bg7 21. g5 h6 22.
gxh6 Bxh6 23. f5 Qh4 24. Bxh6 Qxh6 25. Rf3 Nc4 26. Nd1 Ne5 27. Rg3 Qf4 28. Nc3
Kh7 {poor recording} 0-1

[Event "Sri Lanka National B Chess Championship 2015"]
[Site "SLIIT, Malabe"]
[Date "2015.06.21"]
[Round "5"]
[Board "11"]
[White "Hapuarachchi, H L M"]
[Black "Munasinghe, Thisura"]
[Result "1-0"]
[WhiteElo "1900"]
[BlackElo "1833"]
[PlyCount "103"]
[EventDate "2015.06.19"]
[EventRounds "10"]
[EventCountry "SRI"]

1. e4 e6 2. d4 d5 3. Nc3 Bb4 4. e5 Ne7 5. Bd2 c5 6. Nb5 Bxd2+ 7. Qxd2 O-O 8. f4
b6 9. c3 Ba6 10. a4 Nbc6 11. Nf3 Na5 12. Rd1 Bxb5 13. axb5 c4 14. Be2 Nf5 15.
Kf2 Qd7 16. g4 Nh6 17. Rhg1 Kh8 18. Rg3 Qxb5 19. Rdg1 Qd7 20. Rh3 Rae8 21. Bd1
Nc6 22. Bc2 Ne7 23. Ng5 Ng6 24. Nxh7 Kxh7 25. g5 Rh8 26. Qe3 Kg8 27. gxh6 Rxh6
28. Rxh6 gxh6 29. Qg3 Re7 30. h4 h5 31. Qg5 Kf8 32. Qxh5 Ke8 33. Qh8+ Nf8 34.
Rg8 Kd8 35. Rxf8+ Kc7 36. Ra8 Kb7 37. Qb8+ Ka6 38. Qc8+ Qxc8 39. Rxc8 b5 40. h5
f5 41. exf6 Rf7 42. h6 Rxf6 43. h7 Rxf4+ 44. Kg3 Rf1 45. h8=Q Rg1+ 46. Kf2 Rc1
47. Qh7 Rxc2+ 48. Qxc2 Ka5 49. Rc6 a6 50. b4+ cxb3 51. Qxb3 e5 52. Qa3# 1-0

[Event "Sri Lanka National B Chess Championship 2015"]
[Site "SLIIT, Malabe"]
[Date "2015.06.21"]
[Round "5"]
[Board "12"]
[White "Ranasinghe, S D"]
[Black "Mendis, W G Chinthaka"]
[Result "1/2-1/2"]
[WhiteElo "1813"]
[BlackElo "1875"]
[PlyCount "83"]
[EventDate "2015.06.19"]
[EventRounds "10"]
[EventCountry "SRI"]

1. b3 e5 2. Bb2 Nc6 3. g3 Nf6 4. Bg2 d5 5. e3 Bg4 6. f3 Be6 7. Nh3 h6 8. Nc3
Qd7 9. Nf2 Be7 10. d4 exd4 11. exd4 O-O-O 12. O-O g5 13. Ne2 h5 14. c4 g4 15.
Nf4 h4 16. Nxe6 fxe6 17. f4 hxg3 18. hxg3 Rdg8 19. Rc1 Bd8 20. Qe2 Qh7 21. Nh1
Qh2+ 22. Kf2 Ne4+ 23. Ke1 Nxg3 24. Nxg3 Qxg3+ 25. Kd2 Rh2 26. Rf2 Kb8 27. Rcf1
Rf8 28. cxd5 exd5 29. Bxd5 Rxf2 30. Qxf2 Qxf2+ 31. Rxf2 g3 32. Rg2 Rxf4 33.
Rxg3 Rf8 34. Ba3 Be7 35. Bxe7 Nxe7 36. Be4 c6 37. Rg7 Nf5 38. Bxf5 Rxf5 39. a4
a5 40. Re7 Rf3 41. Kc2 Ka7 42. Re5 1/2-1/2

[Event "Sri Lanka National B Chess Championship 2015"]
[Site "SLIIT, Malabe"]
[Date "2015.06.21"]
[Round "5"]
[Board "13"]
[White "Nanayakkara, J A K Saranath"]
[Black "Subasinghe, K R V R"]
[Result "0-1"]
[WhiteElo "1872"]
[BlackElo "1835"]
[PlyCount "172"]
[EventDate "2015.06.19"]
[EventRounds "10"]
[EventCountry "SRI"]

1. Nf3 e6 2. g3 d5 3. Bg2 c5 4. O-O Nc6 5. d3 Nf6 6. Nbd2 Be7 7. e4 O-O 8. e5
Nd7 9. Re1 Qc7 10. Qe2 b6 11. h4 Bb7 12. Nf1 Rac8 13. N1h2 Nd4 14. Qd1 Nxf3+
15. Nxf3 d4 16. Bf4 b5 17. a4 a6 18. axb5 axb5 19. h5 Ra8 20. Rb1 Rfd8 21. Qc1
Nb6 22. h6 g6 23. Bg5 Re8 24. Bxe7 Qxe7 25. Nd2 Bxg2 26. Kxg2 Qg5 27. f4 Qxh6
28. Rh1 Qg7 29. c4 bxc4 30. Ne4 Nd7 31. Qxc4 f6 32. exf6 Nxf6 33. Nd6 Re7 34.
Rhe1 Kf8 35. Rxe6 Rxe6 36. Qxe6 Qe7 37. Qe5 Qxe5 38. fxe5 Ng4 39. Nc4 Ke7 40.
b4 Rb8 41. b5 Ke6 42. b6 Kd5 43. Re1 Ne3+ 44. Nxe3+ dxe3 45. Rxe3 Rxb6 46. Kf3
Re6 47. Kf4 Kd4 48. g4 h6 49. Re1 Kd5 50. Re4 Re8 51. Rc4 Rf8+ 52. Ke3 Rf1 53.
Ke2 Rf7 54. Ke3 Re7 55. Kf4 g5+ 56. Kf5 Rxe5+ 57. Kg6 Re6+ 58. Kg7 Rb6 59. Rc1
Kd4 60. Rc4+ Kd5 61. Rc1 Rd6 62. Rc4 Kc6 63. Rc3 Kb5 64. Rb3+ Ka4 65. Rc3 Kb4
66. Rc4+ Kb5 67. Rc3 Rd4 68. Kxh6 Rxg4 69. Kg6 Kb4 70. Rc1 Rd4 71. Kxg5 Rxd3
72. Kf5 c4 73. Ke4 Kb3 74. Rb1+ Kc2 75. Ra1 Rd8 76. Ra7 c3 77. Ke3 Re8+ 78. Kf2
Kd2 79. Rd7+ Kc1 80. Rc7 c2 81. Rb7 Re4 82. Kf3 Re5 83. Rd7 Kb2 84. Rb7+ Kc3
85. Rc7+ Kd3 86. Rd7+ Kc4 0-1

[Event "Sri Lanka National B Chess Championship 2015"]
[Site "SLIIT, Malabe"]
[Date "2015.06.21"]
[Round "5"]
[Board "14"]
[White "Samaranayake, K P R N"]
[Black "Gunaratne, Mojitha Sathsara"]
[Result "0-1"]
[WhiteElo "1806"]
[BlackElo "1899"]
[PlyCount "70"]
[EventDate "2015.06.19"]
[EventRounds "10"]
[EventCountry "SRI"]

1. d4 Nf6 2. c4 g6 3. Nc3 Bg7 4. e4 d6 5. f3 Nbd7 6. Be3 c6 7. Nge2 a6 8. Qd2
b5 9. cxb5 cxb5 10. Ng3 O-O 11. Bd3 e5 12. O-O exd4 13. Bxd4 Ne5 14. Be2 Bb7
15. Rfe1 Qe7 16. Bb6 b4 17. Na4 Bc6 18. b3 Ned7 19. Ba5 Nxe4 20. Nxe4 Bxa1 21.
Bxb4 Be5 22. Nxd6 Qh4 23. g3 Bxg3 24. hxg3 Qxg3+ 25. Kf1 Bxf3 26. Bxf3 Qxf3+
27. Kg1 Ne5 28. Rf1 Qg4+ 29. Kf2 Qxb4 30. Qxb4 Nd3+ 31. Kg3 Nxb4 32. Nc5 Rad8
33. Nde4 f5 34. Ng5 Rd4 35. Kf3 Re8 {poor recording} 0-1

[Event "Sri Lanka National B Chess Championship 2015"]
[Site "SLIIT, Malabe"]
[Date "2015.06.21"]
[Round "5"]
[Board "15"]
[White "Thilakarathne, G M S"]
[Black "Wijesinghe, G B"]
[Result "1-0"]
[WhiteElo "1890"]
[BlackElo "1667"]
[PlyCount "53"]
[EventDate "2015.06.19"]
[EventRounds "10"]
[EventCountry "SRI"]

1. e4 d5 2. exd5 Qxd5 3. Nc3 Qd6 4. d4 Nf6 5. Nf3 a6 6. g3 b5 7. Bg2 Bb7 8. O-O
e6 9. Bf4 Qb6 10. a4 Bb4 11. Qe2 Nd5 12. Nxd5 Bxd5 13. Qe5 O-O 14. Qxc7 Qxc7
15. Bxc7 Rc8 16. Bxb8 Raxb8 17. c3 Bf8 18. axb5 Rxb5 19. Ne5 Bxg2 20. Kxg2 Rxb2
21. Rxa6 Rxc3 22. Ra8 Rc7 23. Rd8 Rbb7 24. Ra1 g6 25. Raa8 Rc2 26. Rxf8+ Kg7
27. Ng4 1-0

[Event "Sri Lanka National B Chess Championship 2015"]
[Site "SLIIT, Malabe"]
[Date "2015.06.21"]
[Round "5"]
[Board "16"]
[White "Prabajith, Asela"]
[Black "Lakshitha, H H Sasindu"]
[Result "1-0"]
[WhiteElo "1845"]
[BlackElo "1689"]
[PlyCount "71"]
[EventDate "2015.06.19"]
[EventRounds "10"]
[EventCountry "SRI"]

1. e4 c5 2. Nc3 Nc6 3. f4 d6 4. Nf3 g6 5. Bb5 Bg7 6. Bxc6+ bxc6 7. d3 Rb8 8.
O-O Bg4 9. Qe1 Bxf3 10. Rxf3 Qd7 11. Rb1 Qe6 12. b3 Bd4+ 13. Kh1 f5 14. Na4 Nh6
15. e5 c4 16. c3 Bb6 17. bxc4 O-O 18. Bd2 Bc7 19. Rd1 a6 20. Bc1 Nf7 21. Rh3
Kg7 22. Qh4 h5 23. Re1 dxe5 24. Nc5 Qd6 25. d4 e4 26. Be3 e6 27. d5 exd5 28.
cxd5 Nd8 29. Bd4+ Kh7 30. Qg5 Rg8 31. Ne6 Nf7 32. Qf6 Rbf8 33. Bc5 Bd8 34. Bxd6
Bxf6 35. Bxf8 Bxc3 36. Rxc3 1-0

[Event "Sri Lanka National B Chess Championship 2015"]
[Site "SLIIT, Malabe"]
[Date "2015.06.21"]
[Round "5"]
[Board "18"]
[White "Gamage, H Charanga Jithmal"]
[Black "Amarasinghe, A A C B"]
[Result "0-1"]
[WhiteElo "1653"]
[BlackElo "1829"]
[PlyCount "60"]
[EventDate "2015.06.19"]
[EventRounds "10"]
[EventCountry "SRI"]

1. e4 e5 2. Nf3 Nc6 3. Bc4 Nf6 4. Ng5 d5 5. exd5 b5 6. dxc6 bxc4 7. Nc3 h6 8.
Nf3 Bd6 9. Qe2 O-O 10. Ne4 Nxe4 11. Qxe4 Re8 12. b3 Be6 13. O-O f5 14. Qe2 e4
15. Nd4 Bxh2+ 16. Kxh2 Qxd4 17. Rb1 Rad8 18. Qe3 Qd6+ 19. Kg1 Bf7 20. Qg3 f4
21. Qg4 Re6 22. d3 exd3 23. Bxf4 Qxc6 24. cxd3 Rg6 25. Qh3 Be6 26. Qh2 Rxd3 27.
bxc4 Rh3 28. g3 Rxh2 29. Kxh2 Rf6 30. Rfd1 Rxf4 0-1

[Event "Sri Lanka National B Chess Championship 2015"]
[Site "SLIIT, Malabe"]
[Date "2015.06.21"]
[Round "5"]
[Board "19"]
[White "Priyadarshana, Y Danushka"]
[Black "Prabath, D G Ravi"]
[Result "0-1"]
[WhiteElo "1641"]
[BlackElo "1812"]
[PlyCount "78"]
[EventDate "2015.06.19"]
[EventRounds "10"]
[EventCountry "SRI"]

1. e4 c6 2. d4 d5 3. Nc3 dxe4 4. Nxe4 Nd7 5. Nf3 Ndf6 6. Nxf6+ Nxf6 7. h3 Bf5
8. Bd3 Bxd3 9. Qxd3 e6 10. Bd2 Be7 11. c4 Qc7 12. O-O Rd8 13. Qc2 O-O 14. Bc3
c5 15. b3 b5 16. dxc5 Qxc5 17. Nd2 bxc4 18. Nxc4 Nd5 19. Rad1 Nxc3 20. Qxc3 Bh4
21. Qf3 Rb8 22. g3 Bf6 23. Qe3 Qc7 24. Rd3 a5 25. Rfd1 a4 26. Qf3 axb3 27. axb3
Rb4 28. Rd7 Qb8 29. R1d3 Qb5 30. Qd1 h6 31. Ra7 Re8 32. Na5 Re4 33. Qf3 Re1+
34. Kh2 e5 35. Rdd7 Qf1 36. Qg2 Qe2 37. Rxf7 Rd8 38. Rxf6 gxf6 39. Nc4 Rf1 0-1

[Event "Sri Lanka National B Chess Championship 2015"]
[Site "SLIIT, Malabe"]
[Date "2015.06.21"]
[Round "6"]
[Board "5"]
[White "Kurukulasuriya, Prasanna"]
[Black "Subasinghe, K R V R"]
[Result "1/2-1/2"]
[WhiteElo "2102"]
[BlackElo "1835"]
[PlyCount "40"]
[EventDate "2015.06.19"]
[EventRounds "10"]
[EventCountry "SRI"]

1. e4 e5 2. Nf3 Nc6 3. Bc4 Bc5 4. c3 Nf6 5. d3 d6 6. O-O h6 7. Bb3 O-O 8. Re1
Re8 9. h3 Be6 10. Nbd2 d5 11. Ba4 dxe4 12. dxe4 Bd7 13. b4 Bf8 14. Nf1 a6 15.
Bc2 Be6 16. Qe2 Bd6 17. N1h2 Nh7 18. Bb3 Bxb3 19. axb3 Qd7 20. Ng4 Qd8 {poor
recording} 1/2-1/2

[Event "Sri Lanka National B Chess Championship 2015"]
[Site "SLIIT, Malabe"]
[Date "2015.06.21"]
[Round "6"]
[Board "7"]
[White "Dassanayake, D M G S"]
[Black "Hapuarachchi, H L M"]
[Result "1/2-1/2"]
[WhiteElo "1845"]
[BlackElo "1900"]
[PlyCount "43"]
[EventDate "2015.06.19"]
[EventRounds "10"]
[EventCountry "SRI"]

1. d4 Nf6 2. c4 g6 3. Nc3 Bg7 4. e4 d6 5. Nf3 O-O 6. Be2 e5 7. O-O Nc6 8. d5
Ne7 9. b4 Ne8 10. c5 f5 11. Qb3 Kh8 12. Nd2 f4 13. Ba3 Rf6 14. Rac1 g5 15. Qd1
Ng6 16. Bh5 Nh4 17. cxd6 cxd6 18. Nf3 Nxg2 19. Nxg5 Nh4 20. Kh1 f3 21. Rg1 Qe7
22. Nxf3 1/2-1/2

[Event "Sri Lanka National B Chess Championship 2015"]
[Site "SLIIT, Malabe"]
[Date "2015.06.21"]
[Round "6"]
[Board "8"]
[White "Mendis, W G Chinthaka"]
[Black "Jayasundara, P K U M"]
[Result "1-0"]
[WhiteElo "1875"]
[BlackElo "2031"]
[PlyCount "101"]
[EventDate "2015.06.19"]
[EventRounds "10"]
[EventCountry "SRI"]

1. d4 Nf6 2. c4 c5 3. d5 b5 4. cxb5 a6 5. bxa6 g6 6. Nc3 Bxa6 7. g3 d6 8. Bg2
Nbd7 9. Nf3 Bg7 10. Rb1 O-O 11. O-O Qa5 12. Bd2 Bb7 13. Qc2 Qa6 14. e4 Qa7 15.
Rfe1 Ng4 16. h3 Nge5 17. Nxe5 Nxe5 18. b3 Ba6 19. Re3 Rfb8 20. a4 Bh6 21. f4
Bd3 22. Rxd3 Nxd3 23. Qxd3 c4+ 24. Qe3 Qxe3+ 25. Bxe3 Rxb3 26. Rxb3 cxb3 27.
Bf1 Bg7 28. Nb1 Rxa4 29. Bd3 Ra2 30. Bd2 Kf8 31. Kf1 e6 32. Ke1 Ke7 33. Kd1 h5
34. Bc4 Ra4 35. Bxb3 Rxe4 36. dxe6 fxe6 37. Bc2 Rd4 38. Bxg6 Rd5 39. Ke2 Rc5
40. Be3 Ra5 41. Nd2 Kf6 42. Bd3 Ra2 43. Bc4 Ra3 44. Bd4+ Kf7 45. Bxg7 Kxg7 46.
Bxe6 Rxg3 47. Ne4 Ra3 48. f5 d5 49. f6+ Kf8 50. Ng5 Ra6 51. Nh7+ 1-0

[Event "Sri Lanka National B Chess Championship 2015"]
[Site "SLIIT, Malabe"]
[Date "2015.06.21"]
[Round "6"]
[Board "9"]
[White "Wijekoon, Chandana"]
[Black "Thilakarathne, G M S"]
[Result "0-1"]
[WhiteElo "2007"]
[BlackElo "1890"]
[PlyCount "64"]
[EventDate "2015.06.19"]
[EventRounds "10"]
[EventCountry "SRI"]

1. d4 Nf6 2. c4 e6 3. Nf3 d5 4. Nc3 Bb4 5. Bg5 O-O 6. e3 h6 7. Bxf6 Qxf6 8. Be2
c5 9. cxd5 exd5 10. O-O Bxc3 11. bxc3 c4 12. Nd2 Bf5 13. Bf3 Qc6 14. Re1 Re8
15. Bg4 Bh7 16. Qf3 Na6 17. Bf5 Bxf5 18. Qxf5 b5 19. a3 Nc7 20. Qc2 a5 21. e4
Rab8 22. a4 b4 23. exd5 Rxe1+ 24. Rxe1 Nxd5 25. cxb4 Rxb4 26. Re5 c3 27. Nf3
Rb2 28. Qe4 c2 29. Re8+ Qxe8 30. Qxe8+ Kh7 31. Ng5+ hxg5 32. Qe4+ g6 0-1

[Event "Sri Lanka National B Chess Championship 2015"]
[Site "SLIIT, Malabe"]
[Date "2015.06.21"]
[Round "6"]
[Board "10"]
[White "De Silva, Elath Mathanga"]
[Black "Madushanka, Harsha"]
[Result "1-0"]
[WhiteElo "1962"]
[BlackElo "1839"]
[PlyCount "100"]
[EventDate "2015.06.19"]
[EventRounds "10"]
[EventCountry "SRI"]

1. d4 Nf6 2. Nf3 e6 3. Bf4 b6 4. e3 Be7 5. h3 O-O 6. Nbd2 Nd5 7. Bh2 f5 8. c4
Nf6 9. Bd3 Bb7 10. Qc2 g6 11. O-O Kg7 12. e4 Nc6 13. a3 Nh5 14. d5 Nb8 15. Nd4
c5 16. Nb5 f4 17. d6 Bf6 18. Nc7 Nc6 19. Nxa8 Qxa8 20. Rab1 Nd4 21. Qd1 f3 22.
g4 Qd8 23. Nxf3 Nxf3+ 24. Qxf3 Bd4 25. Qg2 Nf4 26. Bxf4 Rxf4 27. Kh1 Qf8 28. f3
Qxd6 29. Rbd1 Qe5 30. b4 d6 31. Rb1 Bc8 32. a4 cxb4 33. Rxb4 a5 34. Rb5 Bc5 35.
Qb2 Bd7 36. Qxe5+ dxe5 37. Rxc5 bxc5 38. Kg2 Rf7 39. Rb1 Bxa4 40. Ra1 Bb3 41.
Rxa5 Re7 42. Bf1 Rc7 43. g5 Bd1 44. Kf2 Rf7 45. Bg2 Rc7 46. h4 Bb3 47. Bf1 Kf7
48. Rb5 Ba4 49. Ra5 Bd7 50. Ke3 Ke7 {poor recording} 1-0

[Event "Sri Lanka National B Chess Championship 2015"]
[Site "SLIIT, Malabe"]
[Date "2015.06.21"]
[Round "6"]
[Board "11"]
[White "Amarasinghe, A A C B"]
[Black "Thilakarathne, G M H"]
[Result "0-1"]
[WhiteElo "1829"]
[BlackElo "1950"]
[PlyCount "75"]
[EventDate "2015.06.19"]
[EventRounds "10"]
[EventCountry "SRI"]

1. Nf3 c5 2. g3 d5 3. Bg2 Nf6 4. O-O Nc6 5. d3 e6 6. Nbd2 Be7 7. c3 O-O 8. e4
Qc7 9. Re1 b5 10. e5 Nd7 11. Qe2 a5 12. h4 Ba6 13. Nf1 a4 14. a3 b4 15. Bf4
bxc3 16. bxc3 Rfb8 17. Ng5 Bxg5 18. hxg5 Ne7 19. c4 Nb6 20. Ne3 Qd8 21. Kh2 Ra7
22. Rh1 Ng6 23. Kg1 d4 24. Ng4 Nd7 25. Be4 Bb7 26. Nf6+ gxf6 27. exf6 Bxe4 28.
dxe4 Rb6 29. Qh5 Kf8 30. Qxh7 Ke8 31. Qg8+ Ndf8 32. Rh7 Rbb7 33. Bd2 Rb2 34.
Rd1 Qa8 35. f3 Qb7 36. Kg2 Qb3 37. Rhh1 Qd3 38. Rhe1 0-1

[Event "Sri Lanka National B Chess Championship 2015"]
[Site "SLIIT, Malabe"]
[Date "2015.06.21"]
[Round "6"]
[Board "12"]
[White "Herath, H M A K"]
[Black "Prabajith, Asela"]
[Result "1-0"]
[WhiteElo "1910"]
[BlackElo "1845"]
[PlyCount "61"]
[EventDate "2015.06.19"]
[EventRounds "10"]
[EventCountry "SRI"]

1. e4 e6 2. d4 d5 3. Nc3 dxe4 4. Nxe4 Bd7 5. Nf3 Bc6 6. Bd3 Nd7 7. O-O Ngf6 8.
Ng3 Be7 9. Qe2 Bxf3 10. Qxf3 c6 11. Qe2 O-O 12. f4 Bd6 13. Ne4 Nxe4 14. Qxe4
Nf6 15. Qf3 Qb6 16. c3 c5 17. dxc5 Bxc5+ 18. Kh1 Rfd8 19. b4 Bd6 20. Bb2 Be7
21. a3 Nd5 22. Rae1 Bf6 23. f5 exf5 24. Qxf5 g6 25. Qf3 Qc7 26. Be4 Bh4 27.
Bxd5 Bxe1 28. Bxf7+ Kg7 29. c4+ Kh6 30. Qh3+ Kg5 31. Bf6# 1-0

[Event "Sri Lanka National B Chess Championship 2015"]
[Site "SLIIT, Malabe"]
[Date "2015.06.21"]
[Round "6"]
[Board "13"]
[White "Gunaratne, Mojitha Sathsara"]
[Black "Ranasinghe, S D"]
[Result "1-0"]
[WhiteElo "1899"]
[BlackElo "1813"]
[PlyCount "73"]
[EventDate "2015.06.19"]
[EventRounds "10"]
[EventCountry "SRI"]

1. d4 d5 2. c4 e6 3. Nf3 Be7 4. Nc3 Nf6 5. Bf4 O-O 6. e3 c5 7. h3 cxd4 8. exd4
dxc4 9. Bxc4 a6 10. a4 Nc6 11. O-O Nb4 12. Qe2 Nfd5 13. Bg3 b6 14. Ne5 Bb7 15.
Rac1 Bg5 16. f4 Bh6 17. Ng4 Kh8 18. Nxh6 gxh6 19. Kh2 Rg8 20. Rf2 h5 21. Qxh5
Qf6 22. Qe5 Rg6 23. f5 Rxg3 24. Kxg3 Qxe5+ 25. dxe5 Ne3 26. Be2 Nxf5+ 27. Kh2
Kg7 28. Rcf1 Rf8 29. Bf3 Bc8 30. Be4 Ne7 31. Re1 Nbc6 32. Bb1 Ng6 33. Rfe2
Ncxe5 34. Rxe5 Nxe5 35. Rxe5 Rd8 36. Be4 Kf6 37. Rh5 {poor recording} 1-0

[Event "Sri Lanka National B Chess Championship 2015"]
[Site "SLIIT, Malabe"]
[Date "2015.06.21"]
[Round "6"]
[Board "14"]
[White "Naotunna, D R"]
[Black "Naotunna, Dineth Nimnaka"]
[Result "0-1"]
[WhiteElo "1746"]
[BlackElo "2006"]
[PlyCount "78"]
[EventDate "2015.06.19"]
[EventRounds "10"]
[EventCountry "SRI"]

1. d4 d5 2. Nf3 c5 3. c3 Nc6 4. e3 e6 5. Nbd2 Nf6 6. Bd3 Qc7 7. O-O Bd6 8. Re1
O-O 9. h3 e5 10. dxe5 Nxe5 11. Nxe5 Bxe5 12. Nf3 Bd6 13. b3 Rd8 14. Bb2 Be6 15.
Qc1 c4 16. Bc2 Qc8 17. Nd4 b5 18. Nxe6 Qxe6 19. Qd2 Ne4 20. Bxe4 dxe4 21. Qc2
Be5 22. Rad1 Rd3 23. Rxd3 cxd3 24. Qd2 Rc8 25. Rc1 Qf6 26. b4 Qh4 27. a3 h5 28.
c4 Bxb2 29. Qxb2 bxc4 30. Kf1 Qd8 31. Kg1 Qd5 32. Qc3 d2 33. Rd1 Qd3 34. Qxd3
cxd3 35. f3 Rc1 36. Kf2 Rxd1 37. fxe4 Re1 38. e5 d1=Q 39. e6 h4 0-1